| 000 | 00894nam a2200253 4500 | ||
|---|---|---|---|
| 001 | 12276 | ||
| 003 | ES-MaACL | ||
| 005 | 20230906150259.0 | ||
| 007 | t| | ||
| 008 | 000000s1995 sp a ||||0| spa j | ||
| 016 | 7 | _zIBH8405814137 | |
| 020 | _a84-500-9484-4 | ||
| 040 |
_aIBH _bspa _cM-BN-DP |
||
| 080 | _a914.674.2(084) | ||
| 100 | 1 |
_aMateos Arcángel, Alberto. _978982 |
|
| 245 | 1 | 0 |
_aDel Albacete antiguo _b: imágenes y recuerdos / _cAlberto Mateos Arcángel. |
| 250 | _a2ª ed. | ||
| 260 |
_aAlbacete : _bInstituto de Estudios Albacetenses : _bConfederación Española de Centros de Estudios Locales, _c1995. |
||
| 300 |
_a261 p : _bil ; _c25x26 cm. |
||
| 651 | 4 |
_aAlbacete- _vObras ilustradas. _97627 |
|
| 710 | 2 |
_aInstituto de Estudios Albacetenses. _94884 |
|
| 710 | 2 |
_aConfederación Española de Centros de Estudios Locales. _93152 |
|
| 852 |
_aES-MaACL _jL-19639 _bR.124302 |
||
| 999 |
_c12276 _d12276 |
||